000 00352nam a22001577a 4500
003 OSt
005 20250301101632.0
007 299 pages
008 250301b |||||||| |||| 00| 0 eng d
020 _a9789356060876
040 _c
082 _a923.254/MAH
_bMAH
245 _aVeer Savarkar
_cMahurkar U
260 _bRupa
_c2023
942 _2ddc
_cBK
_n0
999 _c36190
_d36190